Winning ways for your mathematical plays (Record no. 134981)
[ view plain ]
| 000 -LEADER | |
|---|---|
| fixed length control field | 01442nam a2200361 a 4500 |
| 082 04 - DEWEY DECIMAL CLASSIFICATION NUMBER | |
| Classification number | 793.7/4 |
| 100 1# - MAIN ENTRY--AUTHOR NAME | |
| Personal name | Berlekamp, Elwyn R. |
| 245 10 - TITLE STATEMENT | |
| Title | Winning ways for your mathematical plays |
| 250 ## - EDITION STATEMENT | |
| Edition statement | 2nd ed. |
| 260 ## - PUBLICATION, DISTRIBUTION, ETC. (IMPRINT) | |
| Place of publication | Natick, Mass. : |
| Name of publisher | A.K. Peters, |
| Year of publication | c2001-c2004. |
| 300 ## - PHYSICAL DESCRIPTION | |
| Number of Pages | 4 v. (xix, 1004 p.) : |
| Other physical details | ill. (some col.). |
| 500 ## - GENERAL NOTE | |
| General note | Vol. 4 published in Wellesley, Mass. |
| 650 #0 - SUBJECT ADDED ENTRY--TOPICAL TERM | |
| Topical Term | Mathematical recreations. |
| 700 1# - ADDED ENTRY--PERSONAL NAME | |
| Personal name | Conway, John Horton. |
| Personal name | Guy, Richard K. |
| 856 40 - ELECTRONIC LOCATION AND ACCESS | |
| Uniform Resource Identifier | http://site.ebrary.com/lib/rucke/Doc?id=10158328 |
No items available.
